| 000 | 00642cam a22002294a 4500 | ||
|---|---|---|---|
| 001 | 14590775 | ||
| 005 | 20180313043958.0 | ||
| 008 | 061011s2008 nyua 001 0 eng | ||
| 010 | _a 2006936450 | ||
| 020 | _a9780716768876 | ||
| 020 | _a0716768879 | ||
| 040 |
_aDLC _cDLC _dDLC |
||
| 041 | _aeng | ||
| 080 | _a576.5 GRI | ||
| 082 | 0 | 0 |
_a576.5 GRI _222 |
| 100 | _a11 | ||
| 101 | _aBIO | ||
| 245 | 0 | 0 |
_aIntroduction to genetic analysis / _cAnthony J.F. Griffiths ... [et al.]. |
| 906 |
_a7 _bcbc _corignew _d2 _eepcn _f20 _gy-gencatlg |
||
| 942 |
_2ddc _cBK |
||
| 999 |
_c44808 _d44808 |
||